Phẫu thuật ống tiêu hóa

Guardado en:
Detalles Bibliográficos
Autor principal: Nguyễn, Đức Ninh
Formato: Libro
Lenguaje:Undetermined
Publicado: Hà Nội Khoa học và Kỹ thuật 2001
Materias:
Etiquetas: Agregar Etiqueta
Sin Etiquetas, Sea el primero en etiquetar este registro!
Thư viện lưu trữ: Trung tâm Học liệu Trường Đại học Cần Thơ
LEADER 00602nam a2200205Ia 4500
001 CTU_45397
008 210402s9999 xx 000 0 und d
020 |c 30000 
082 |a 617.55 
082 |b N312 
100 |a Nguyễn, Đức Ninh 
245 0 |a Phẫu thuật ống tiêu hóa 
245 0 |c Nguyễn Đức Ninh 
260 |a Hà Nội 
260 |b Khoa học và Kỹ thuật 
260 |c 2001 
650 |a Abdomen,Abdomen,Stomach 
650 |x Surgery.,Wounds and injuries.,Surgery. 
904 |i Minh 
980 |a Trung tâm Học liệu Trường Đại học Cần Thơ